000 00449 a2200181 4500
001 143312
040 _cLeonardo Da Vinci
041 _aPortuguês
082 _aI M889d
_bM889d
100 _aMOURA, Paulo
245 _aDinossauros
_btriceratops
260 _bCiranda Cultural
_c19--
_aSão Paulo
362 _a19--0000
490 _aDinossauros
500 _aNapoleão Figueiredo (Ilustração)
697 _aLiteratura infantil
942 _cBK
999 _c143312
_d143312